Drugs, society and behavior
This twenty-first edition of ANNUAL EDITIONS: DRUGS, SOCIETY AND BEHAVIOR provides convenient, inexpensive access to current articles selected from the best of the public press. Organizational features include: an annotated listing of selected World Wide Web sites; an annotated table of contents; a...
محفوظ في:
| المؤلف الرئيسي: | |
|---|---|
| التنسيق: | كتاب |
| اللغة: | Undetermined |
| منشور في: |
Dubuque
McGraw-Hill
2007
|
| الموضوعات: | |
| الوسوم: |
إضافة وسم
لا توجد وسوم, كن أول من يضع وسما على هذه التسجيلة!
|
| Thư viện lưu trữ: | Trung tâm Học liệu Trường Đại học Cần Thơ |
|---|
| LEADER | 01201nam a2200217Ia 4500 | ||
|---|---|---|---|
| 001 | CTU_140356 | ||
| 008 | 210402s9999 xx 000 0 und d | ||
| 082 | |a 613.8 | ||
| 082 | |b W746 | ||
| 100 | |a Wilson, T. Hugh | ||
| 245 | 0 | |a Drugs, society and behavior | |
| 245 | 0 | |c Hugh T. Wilson | |
| 260 | |a Dubuque | ||
| 260 | |b McGraw-Hill | ||
| 260 | |c 2007 | ||
| 520 | |a This twenty-first edition of ANNUAL EDITIONS: DRUGS, SOCIETY AND BEHAVIOR provides convenient, inexpensive access to current articles selected from the best of the public press. Organizational features include: an annotated listing of selected World Wide Web sites; an annotated table of contents; a topic guide; a general introduction; brief overviews for each section; a topical index; and an instructor’s resource guide with testing materials. USING ANNUAL EDITIONS IN THE CLASSROOM is offered as a practical guide for instructors. | ||
| 650 | |a Sử dụng sai thuốc,Drug abuse,Drug abuse,Sử dụng sai thuốc | ||
| 650 | |x Phép điều trị,Popular works,Treatment,Công việc phổ biến | ||
| 904 | |i Trọng Hải | ||
| 915 | |a 400 | ||
| 980 | |a Trung tâm Học liệu Trường Đại học Cần Thơ | ||